000 00353pam a2200157a 44500
008 230515b1901 xxu||||| |||| 00| 0 eng d
020 _a0
041 _aENGLISH
082 _a0 HAY
100 _aHAY'S P.C./MACKAY T.W.
245 _aCHURCHILLS POCKET BOOK OF MEDCINE
250 _a0
260 _aNULL
_bN.D.
_c1901
300 _a0
650 _aN.D.
999 _c486117
_d486117